• 首页
  • 本馆介绍
  • 公告通知
  • 最新文献
  • 馆藏检索
  • 电子资源
  • 读者导购
  • 参考咨询
  • 我的图书馆
  • 登录
  • 详细信息显示
  • 放入我的书架
  • 预约/预借图书
  • 作者相关作品
  • 分类相关作品
  • 丛书相关作品
  • 出版社相关作品

书目信息

  • 表格格式
  • 工作单格式
  • 卡片格式
题名:
应用软件安全代码审查指南
    
 
作者: ;美国OWASP基金会 著 ;OWASP中国/SecZone 译
分册:  
出版信息: 北京   电子工业出版社  2018
页数: 240页
开本: 24cm
丛书名: 新型网络安全人才培养丛书
单 册:
中图分类: TP311.52 , TP311.522
科图分类:
主题词: 软件开发--ruan jian kai fa--安全技术
电子资源:
ISBN: 978-7-121-35220-1
000 01290nam 2200301 450
001 012001001516
005 20140108131549.0
010    @a978-7-121-35220-1@dCNY59.00
099    @aCAL 012018197750
100    @a20181118d2018 em y0chiy50 ea
101 1  @achi@ceng
102    @aCN@b110000
105    @ak a 000yy
106    @ar
200 1  @a应用软件安全代码审查指南@Aying yong ruan jian an quan dai ma shen cha zhi nan@f美国OWASP基金会著@gOWASP中国/SecZone译
210    @a北京@c电子工业出版社@d2018
215    @a240页@d24cm
225 2  @a新型网络安全人才培养丛书@Axin xing wang luo an quan ren cai pei yang cong shu
320    @a有书目 (第239-240页)
330    @a本书分为两大部分, 共15章。第一部分包含第1-4章, 介绍了安全代码审查的作用和方法, 以及在软件安全开发生命周期 (S-SDLC) 代码审查过程中查找安全漏洞的方法。第二部分包含第5-15章, 介绍2013年版《OWASPTop10》中提出的安全风险的处理方法和技术, 以及其他漏洞处理的方法和技术。
410  0 @12001 @a新型网络安全人才培养丛书
606 0  @a软件开发@Aruan jian kai fa@x安全技术
690    @aTP311.52@v4
690    @aTP311.522@v5
711 02 @a美国OWASP基金会@Amei guo OWASPji jin hui@4著
712 02 @aOWASP中国/SecZone@AOWASPzhong guo /SecZone@4译
801  0 @aCN@b北京卓展@c20191020
905    @b1202053-6@dTP311.52@e1381@f4
    
    应用软件安全代码审查指南/美国OWASP基金会著/OWASP中国/SecZone译.-北京:电子工业出版社,2018
    240页;24cm.-(新型网络安全人才培养丛书)
    
    
    ISBN 978-7-121-35220-1:CNY59.00
    本书分为两大部分, 共15章。第一部分包含第1-4章, 介绍了安全代码审查的作用和方法, 以及在软件安全开发生命周期 (S-SDLC) 代码审查过程中查找安全漏洞的方法。第二部分包含第5-15章, 介绍2013年版《OWASPTop10》中提出的安全风险的处理方法和技术, 以及其他漏洞处理的方法和技术。
●
相关链接 在E读中查询图书 在五车中查询图书 在当当中查询图书 在豆瓣中查询图书


正题名:应用软件安全代码审查指南     索取号:TP311.52/1381         预约/预借

序号 登录号 条形码 馆藏地/架位号 状态 备注
1 1202053   212020533   第二样本阅览室/ [索取号:TP311.52/1381] 在馆    
2 1202054   212020542   第三借阅区/ [索取号:TP311.52/1381] 在馆    
3 1202055   212020551   第三借阅区/ [索取号:TP311.52/1381] 在馆    
4 1202056   212020560   第三借阅区/ [索取号:TP311.52/1381] 在馆    
唐山师范学院图书馆 欢迎您!
大连网信软件有限公司© 版权所有